000 02501cam a2200409 4500500
005 20251228053405.0
041 _afre
042 _adc
100 1 0 _aCarrez, Maurice
_eauthor
245 0 0 _aLa politisation des campagnes finlandaises
260 _c2006.
500 _a68
520 _aRésuméL’implantation de maisons du Peuple dans les campagnes finlandaises est un phénomène de grande ampleur entre 1893 et 1917. Dirigés pour l’essentiel par des militants sociaux-démocrates après 1903, ces organismes montrent un grand intérêt non seulement pour les questions politiques ou sociales, mais également pour les activités socio-culturelles. Grâce à eux, les ruraux pauvres font l’apprentissage de la vie associative et citoyenne tout en accédant à certaines formes d’initiation à l’art et au savoir livresque. De fait, les maisons du Peuple ont joué un rôle majeur dans la constitution d’une sensibilité proprement finlandaise à l’égalité sociale et à l’éducation des adultes.
520 _aFrom 1893 to 1917, the setting up of People’s Houses constituted a major development in the Finnish countryside. From 1903 on, these organizations were mostly headed by social-democrat activists, and focussed heavily not only on political or social issues, but also on socio-cultural activities. Thanks to them, the rural poor were initiated to the practice of grassroots and civic action, while being introduced up to a point to the arts and to written knowledge. People’s Houses actually played a major role in the building of a specifically Finnish approach to social equality and adult education.
690 _aactivités socio-culturelles
690 _acoopératives
690 _aculture associative
690 _afêtes
690 _amanifestations
690 _amilieu rural
690 _aparti social-démocrate
690 _apolitisation
690 _asyndicates
690 _avie politique
690 _acooperatives
690 _ademonstrations
690 _afestivals
690 _agrassroots associations
690 _apolitical life
690 _apoliticization
690 _arural life
690 _aSocial-Democratic Party
690 _asocio-cultural activities
690 _atrade unions
786 0 _nHistoire & Sociétés Rurales | 25 | 1 | 2006-07-06 | p. 37-67 | 1254-728X
856 4 1 _uhttps://shs.cairn.info/revue-histoire-et-societes-rurales-2006-1-page-37?lang=fr&redirect-ssocas=7080
999 _c1585354
_d1585354